[Event "Open"]
[Site "Louviers"]
[Date "2008.05.12"]
[Round "9"]
[White "Roussel, Julien"]
[Black "Duverne, Jean-Marie"]
[Result "1/2-1/2"]
[WhiteElo "1599"]
[BlackElo "2142"]
[PlyCount "123"]
[EventDate "2008.05.29"]
[SourceDate "2008.05.30"]

1. d4 Nf6 2. c4 g6 3. Nc3 Bg7 4. e4 O-O 5. h3 d6 6. Be3 c5 7. d5 e6 8. Bd3 exd5
9. cxd5 Re8 10. Nf3 c4 11. Bc2 b5 12. Nd2 b4 13. Ne2 Ba6 14. Rc1 c3 15. bxc3
Bxe2 16. Qxe2 bxc3 17. Nb3 Nxe4 18. O-O Nd7 19. Qc4 Qc8 20. Qb4 Rb8 21. Qa4
Nec5 22. Nxc5 Nxc5 23. Qxa7 Ra8 24. Qb6 Ra6 25. Qb5 Qb8 26. Qc4 Qa8 27. Bxc5
Rc8 28. Bb3 Rxc5 29. Qd3 Rxa2 30. Bxa2 Qxa2 31. Rfd1 c2 32. Rd2 Bh6 33. Rdxc2
Qxd5 34. Qxd5 Rxd5 35. Re1 Bf4 36. g3 Be5 37. Kg2 Ra5 38. Ree2 Bd4 39. Ra2 Rb5
40. Ra6 Bc5 41. Rc6 Kf8 42. Rc8+ Kg7 43. Rc7 Rb8 44. Ree7 Rf8 45. Kf3 Kf6 46.
Red7 h6 47. h4 h5 48. Kg2 Ke6 49. Re7+ Kf6 50. f3 Bb4 51. g4 Bd2 52. Kg3 Bb4
53. Rcd7 Bc5 54. g5+ Kg7 55. f4 Bb4 56. f5 gxf5 57. Kf4 Kg6 58. Rb7 Bd2+ 59.
Kf3 Bc3 60. Rb6 Rd8 61. Rbb7 Rf8 62. Rb6 1/2-1/2

[Event "Open"]
[Site "Louviers"]
[Date "2008.05.12"]
[Round "9"]
[White "Lefebvre, Richard"]
[Black "Tridant, Thierry"]
[Result "1/2-1/2"]
[WhiteElo "1820"]
[BlackElo "2030"]
[PlyCount "99"]
[EventDate "2008.05.29"]
[SourceDate "2008.05.30"]

1. e4 d6 2. d4 Nf6 3. Nc3 g6 4. Be3 c6 5. Qd2 Nbd7 6. f3 Qc7 7. O-O-O b5 8. d5
a6 9. dxc6 Qxc6 10. Nge2 Bg7 11. h4 h5 12. Nf4 Ne5 13. Nfd5 Be6 14. Nxb5 Bxd5
15. exd5 Qb7 16. Nc3 O-O 17. Be2 Rfc8 18. b3 Rab8 19. Na4 Nfd7 20. f4 Nc4 21.
Bxc4 Rxc4 22. Nb2 Bc3 23. Qe2 Re4 24. Qd3 Qb4 25. Bd2 Bxd2+ 26. Rxd2 Rxf4 27.
g3 Nc5 28. Qe3 Re4 29. Qf2 Qc3 30. Rf1 f6 31. Qf3 Re3 32. Qf4 Rb4 33. Qh6 Na4
34. Qxg6+ Kf8 35. Rxf6+ Qxf6 36. Qxf6+ exf6 37. Nxa4 Rxg3 38. Rf2 Kf7 39. c4
Rg4 40. Rh2 Rxa4 41. bxa4 Rxc4+ 42. Kb2 Rd4 43. Kc3 Rxa4 44. Re2 Rxh4 45. Re6
Ra4 46. Rxd6 Rxa2 47. Rd7+ Ke8 48. Rh7 Ra4 49. Rxh5 Kd7 50. Rf5 1/2-1/2

[Event "Open"]
[Site "Louviers"]
[Date "2008.05.12"]
[Round "9"]
[White "Ferrant, Christophe"]
[Black "Vallobra, Pierre"]
[Result "0-1"]
[WhiteElo "2151"]
[BlackElo "1906"]
[PlyCount "60"]
[EventDate "2008.05.29"]
[SourceDate "2008.05.30"]

1. e4 e6 2. d3 d5 3. Nd2 Nf6 4. Ngf3 Be7 5. g3 O-O 6. Bg2 c5 7. O-O Nc6 8. Re1
Re8 9. e5 Nd7 10. Nf1 b6 11. h4 Bb7 12. Bf4 f6 13. exf6 Bxf6 14. Ng5 Nf8 15.
Ne3 Na5 16. Ng4 Bxb2 17. Ne5 Bxe5 18. Bxe5 Nc6 19. Qh5 Nxe5 20. Rxe5 Qf6 21.
Rae1 h6 22. Nh3 Ng6 23. R5e2 Rab8 24. Qg4 Kf7 25. h5 Nf8 26. Nf4 Ba8 27. Re5
Rbd8 28. Kh2 Kg8 29. Nxd5 Bxd5 30. Bxd5 Rxd5 0-1

[Event "Open"]
[Site "Louviers"]
[Date "2008.05.12"]
[Round "9"]
[White "Mouhamad, Joachin"]
[Black "Leguillon, David"]
[Result "1/2-1/2"]
[WhiteElo "1899"]
[BlackElo "1770"]
[PlyCount "76"]
[EventDate "2008.05.29"]
[SourceDate "2008.05.30"]

1. d4 e6 2. Nf3 d5 3. e3 c5 4. c3 Nc6 5. Bd3 c4 6. Bc2 Nf6 7. Nbd2 Bd6 8. O-O
e5 9. dxe5 Nxe5 10. h3 Nxf3+ 11. Nxf3 Be6 12. Qe2 O-O 13. Bd2 Qd7 14. Nd4 Bc5
15. Qf3 Rae8 16. Rae1 a6 17. g4 h6 18. Qg2 h5 19. f4 Bxd4 20. exd4 Qc8 21. f5
Bd7 22. Bf4 Rxe1 23. Rxe1 Re8 24. Re5 Rxe5 25. dxe5 Qc5+ 26. Qf2 Qxf2+ 27. Kxf2
Ne4+ 28. Ke3 hxg4 29. hxg4 g6 30. Kd4 gxf5 31. gxf5 Bxf5 32. Bxe4 dxe4 33. Kxc4
Be6+ 34. Kd4 Bxa2 35. Kxe4 Kf8 36. Kd4 Ke8 37. Kc5 Kd7 38. Kb6 Kc8 1/2-1/2

[Event "Open"]
[Site "Louviers"]
[Date "2008.05.12"]
[Round "9"]
[White "Rodange, Barbara"]
[Black "Dubost, Florian"]
[Result "1-0"]
[WhiteElo "1726"]
[BlackElo "1199"]
[PlyCount "101"]
[EventDate "2008.05.29"]
[SourceDate "2008.05.30"]

1. c4 e5 2. Nc3 Nf6 3. g3 Bc5 4. Bg2 c6 5. Nf3 Qc7 6. d3 h6 7. O-O d5 8. cxd5
cxd5 9. Nd2 Be6 10. Nb3 Bb6 11. Na4 Nc6 12. Nxb6 Qxb6 13. Bd2 O-O 14. Rc1 Rac8
15. Kh1 Ng4 16. e3 Nb4 17. Bxb4 Qxb4 18. h3 Nf6 19. Qd2 Qxd2 20. Nxd2 Rxc1 21.
Rxc1 Rc8 22. Rxc8+ Bxc8 23. Kg1 Bf5 24. Bf1 Kf8 25. Nb3 b6 26. d4 e4 27. Nc1
Bd7 28. Ne2 g5 29. Nc3 a5 30. Kg2 Ke7 31. Bb5 Bxb5 32. Nxb5 Nd7 33. f3 f5 34.
f4 gxf4 35. gxf4 h5 36. Kg3 Nf6 37. Kh4 Nh7 38. Kxh5 Kf6 39. Nc7 Nf8 40. Nxd5+
Ke6 41. Nxb6 Kd6 42. Nc4+ Kd5 43. Nxa5 Nd7 44. Kg6 Ke6 45. Nb7 Nf8+ 46. Kg7 Nd7
47. Nc5+ Nxc5 48. dxc5 Kd5 49. Kf6 Kxc5 50. Kxf5 Kd5 51. h4 1-0

[Event "Open"]
[Site "Louviers"]
[Date "2008.05.12"]
[Round "9"]
[White "Bordelet, Louis"]
[Black "Haudrechy, Daniel"]
[Result "1-0"]
[WhiteElo "1840"]
[BlackElo "1820"]
[PlyCount "119"]
[EventDate "2008.05.29"]
[SourceDate "2008.05.30"]

1. e4 c5 2. Nf3 d6 3. d4 cxd4 4. Qxd4 Nc6 5. Bb5 Bd7 6. Bxc6 Bxc6 7. Nc3 Nf6 8.
Bg5 h6 9. Bxf6 gxf6 10. O-O-O Qa5 11. Kb1 Rg8 12. Rhg1 Bg7 13. Qe3 Rc8 14. Rge1
Bd7 15. Nd4 Qc5 16. Nb3 Qxe3 17. Rxe3 Bf8 18. g3 e6 19. f4 b6 20. Rde1 Bc6 21.
Nd5 Bg7 22. Nb4 Bb7 23. Nd4 a5 24. Nd3 Ba6 25. e5 fxe5 26. fxe5 Bxd3 27. Rxd3
Bxe5 28. Nf3 f6 29. c3 Ke7 30. Re2 Rgd8 31. Nh4 Kf7 32. Nf3 b5 33. Rc2 Ke7 34.
Nh4 Kf7 35. Nf3 Rg8 36. b3 Rc7 37. Nd4 Bxd4 38. Rxd4 d5 39. Kb2 Rgc8 40. a3 Ke7
41. Rh4 Rh8 42. Rd4 Kd6 43. c4 bxc4 44. bxc4 Kc5 45. Kc3 Rb7 46. Rf4 e5 47.
Rxf6 d4+ 48. Kd2 Rb6 49. Rf7 Rb3 50. Rc7+ Kd6 51. Rf7 Rxa3 52. c5+ Kd5 53. c6
Rc8 54. c7 Ke6 55. Rh7 Rf3 56. Rxh6+ Rf6 57. Rc6+ Kd5 58. Rhxf6 a4 59. Rfd6+
Ke4 60. Rd8 1-0

[Event "Open"]
[Site "Louviers"]
[Date "2008.05.12"]
[Round "9"]
[White "Goy, Wilfried"]
[Black "Blaise, Geoffrey"]
[Result "1-0"]
[WhiteElo "1906"]
[BlackElo "1730"]
[PlyCount "105"]
[EventDate "2008.05.29"]
[SourceDate "2008.05.31"]

1. e4 c5 2. Nc3 d6 3. g3 Nc6 4. Bg2 g6 5. Nge2 Bg7 6. O-O Nf6 7. d3 O-O 8. f4
e6 9. h3 a6 10. g4 Nd4 11. Ng3 Rb8 12. Nce2 Nxe2+ 13. Qxe2 b5 14. c3 d5 15. e5
Nd7 16. d4 cxd4 17. cxd4 f5 18. g5 Nb6 19. b3 Bd7 20. Be3 Re8 21. Rac1 Bf8 22.
Rf2 Rc8 23. Rxc8 Qxc8 24. Qd1 Qb7 25. Bf1 Rc8 26. Rc2 Rxc2 27. Qxc2 Qc6 28.
Qxc6 Bxc6 29. Bd3 Bb4 30. Ne2 a5 31. Kf1 a4 32. Bf2 Ba5 33. Be1 Bxe1 34. Kxe1
a3 35. Kd2 b4 36. Ba6 Nd7 37. Bc8 Kf7 38. Nc1 Bb5 39. Bxd7 Bxd7 40. Nd3 Ke7 41.
Nxb4 Kd8 42. Nc2 Kc7 43. Nxa3 Kb6 44. Kc3 Ka5 45. Nc2 Bb5 46. a3 Bc6 47. Ne3
Kb5 48. Nd1 Ka5 49. b4+ Kb6 50. Nb2 Bb5 51. Nd3 Ba6 52. Nc5 Bc8 53. a4 1-0

[Event "Open"]
[Site "Louviers"]
[Date "2008.05.12"]
[Round "9"]
[White "Bacon, Nicolas"]
[Black "Roussette, Stephane"]
[Result "1-0"]
[WhiteElo "2246"]
[BlackElo "1870"]
[PlyCount "85"]
[EventDate "2008.05.29"]
[SourceDate "2008.05.31"]

1. e4 c5 2. Nf3 Nc6 3. d4 cxd4 4. Nxd4 d6 5. Nc3 g6 6. Bc4 Bg7 7. Be3 Nf6 8. f3
O-O 9. Qd2 Bd7 10. O-O-O Rc8 11. Bb3 Ne5 12. g4 Nc4 13. Bxc4 Rxc4 14. Kb1 b5
15. b3 Rxc3 16. Qxc3 a5 17. Qd2 Qc7 18. Bh6 Bxh6 19. Qxh6 a4 20. Qe3 Rc8 21.
Rc1 b4 22. h4 a3 23. Ne2 Qa5 24. g5 Nh5 25. c4 Qe5 26. Qd4 Qxd4 27. Nxd4 Nf4
28. Rcd1 Rc5 29. Rd2 Rc7 30. Rhd1 Ne6 31. Nc2 Rb7 32. e5 Nc5 33. exd6 exd6 34.
Rxd6 Bf5 35. Re1 Rb8 36. Red1 Ne6 37. Kc1 Bh3 38. Ne3 Rb7 39. Nd5 Bg2 40. Nf6+
Kf8 41. c5 Bxf3 42. Rd8+ Nxd8 43. Rxd8+ 1-0

[Event "Open"]
[Site "Louviers"]
[Date "2008.05.12"]
[Round "9"]
[White "Pantic, David"]
[Black "Aknouche, Abdesslem"]
[Result "1-0"]
[WhiteElo "1963"]
[BlackElo "1670"]
[PlyCount "103"]
[EventDate "2008.05.29"]
[SourceDate "2008.05.31"]

1. e4 b6 2. c4 Bb7 3. Nc3 d6 4. d4 g6 5. Nf3 Bg7 6. Be2 Nf6 7. Qc2 Nbd7 8. O-O
e5 9. dxe5 Nxe5 10. Nxe5 dxe5 11. Bg5 O-O 12. Nd5 c6 13. Nxf6+ Bxf6 14. Rad1
Qe7 15. Bxf6 Qxf6 16. c5 Rfd8 17. Rxd8+ Rxd8 18. Qa4 Ra8 19. Rd1 Qe7 20. Rd6
bxc5 21. Qd1 Bc8 22. Rd8+ Kg7 23. Ba6 Bb7 24. Rd7 Rd8 25. Rxd8 Bxa6 26. Qd6
Qxd6 27. Rxd6 Bb5 28. f3 c4 29. Kf2 a5 30. Ke3 g5 31. g3 f6 32. f4 Kf7 33. Rd7+
Kg6 34. f5+ Kh6 35. Rf7 c3 36. bxc3 Bc4 37. Rxf6+ Kg7 38. Rxc6 Bxa2 39. Ra6 Bc4
40. Rxa5 Kf6 41. Rc5 Bf7 42. Rc7 Bg8 43. c4 h5 44. Rc6+ Ke7 45. c5 g4 46. Rc7+
Kd8 47. Rg7 Bc4 48. f6 Ke8 49. c6 Kd8 50. c7+ Kc8 51. Re7 Ba2 52. f7 1-0

[Event "Open"]
[Site "Louviers"]
[Date "2008.05.12"]
[Round "9"]
[White "Boursier, Xavier"]
[Black "Guillaumat, Jean-Pierre"]
[Result "1/2-1/2"]
[WhiteElo "2029"]
[BlackElo "1962"]
[PlyCount "67"]
[EventDate "2008.05.29"]
[SourceDate "2008.05.31"]

1. e4 c5 2. c3 d5 3. exd5 Qxd5 4. d4 Nf6 5. Nf3 e6 6. Na3 a6 7. Nc4 Qd8 8. Bg5
Be7 9. dxc5 Qxd1+ 10. Rxd1 Bxc5 11. b4 b5 12. bxc5 bxc4 13. Bxc4 Bb7 14. Be2
Nbd7 15. Be3 Ne4 16. Bd4 Nexc5 17. O-O O-O 18. Ne5 Rfd8 19. Bxc5 Nxc5 20. Rxd8+
Rxd8 21. Rd1 Rxd1+ 22. Bxd1 f6 23. Nf3 Bxf3 24. Bxf3 Kf7 25. Kf1 Ke7 26. Ke2
Kd6 27. Kd2 e5 28. Ke3 f5 29. Kd2 a5 30. Ke3 g5 31. h3 f4+ 32. Kd2 e4 33. Be2
Ke5 34. Bh5 1/2-1/2

[Event "Open"]
[Site "Louviers"]
[Date "2008.05.12"]
[Round "9"]
[White "Lierville, Patrick"]
[Black "Deheij, Gerrit"]
[Result "1/2-1/2"]
[WhiteElo "1660"]
[BlackElo "1482"]
[PlyCount "104"]
[EventDate "2008.05.29"]
[SourceDate "2008.05.31"]

1. c4 c6 2. d4 d5 3. e3 Nf6 4. Nc3 e6 5. c5 Be7 6. Nf3 O-O 7. b4 Nbd7 8. Bb2 b5
9. a4 bxa4 10. Rxa4 Bb7 11. Be2 a6 12. Qa1 Qc8 13. O-O Ne8 14. Nd2 Nc7 15. e4
Re8 16. e5 f6 17. f4 Nb5 18. Nxb5 axb5 19. Rxa8 Qxa8 20. Nb3 Ba6 21. Qa2 Qc8
22. Qb1 Bd8 23. Rf3 Nf8 24. Rh3 Ng6 25. Bc1 Rf8 26. Bh5 f5 27. Rc3 Qd7 28. Bd2
Ne7 29. Qa1 Qc8 30. Nc1 g6 31. Be2 Kh8 32. Ra3 Bb7 33. Qc3 Qd7 34. Qh3 Nc8 35.
Rg3 Qf7 36. Nb3 Ne7 37. Na5 Bc8 38. Rf3 Rg8 39. Kh1 Qg7 40. Rg3 Qf7 41. Rf3
Bxa5 42. bxa5 Qg7 43. Ra3 Ba6 44. g4 fxg4 45. Bxg4 Nf5 46. Bxf5 exf5 47. Re3
Rb8 48. Bb4 Re8 49. Rg3 Kg8 50. Qg2 Kf7 51. h4 Rg8 52. Re3 Ke6 1/2-1/2

[Event "Open"]
[Site "Louviers"]
[Date "2008.05.12"]
[Round "9"]
[White "Lecoeur, Boris"]
[Black "Josse, Sebastien"]
[Result "0-1"]
[WhiteElo "1745"]
[BlackElo "1849"]
[PlyCount "62"]
[EventDate "2008.05.29"]
[SourceDate "2008.05.31"]

1. d4 Nf6 2. c4 g6 3. Nc3 Bg7 4. e4 d6 5. Nf3 O-O 6. Be2 Na6 7. O-O c5 8. d5
Nc7 9. a3 a6 10. b4 Nxe4 11. Nxe4 Bxa1 12. bxc5 dxc5 13. Be3 Bg7 14. Bxc5 b5
15. d6 exd6 16. Nxd6 Ne6 17. Qd5 Nxc5 18. Qxa8 Qxd6 19. Rd1 Bb7 20. Rxd6 Bxa8
21. cxb5 axb5 22. Bxb5 Ne4 23. Rd3 Rc8 24. h3 Bf6 25. a4 Rc1+ 26. Kh2 Nxf2 27.
Re3 Kg7 28. Kg3 Ne4+ 29. Kh2 Bd8 30. Nd4 Bc7+ 31. g3 Nxg3 0-1

[Event "Open"]
[Site "Louviers"]
[Date "2008.05.12"]
[Round "9"]
[White "Voegele, Francois-Marie"]
[Black "Jolly, Hugo"]
[Result "0-1"]
[WhiteElo "1070"]
[BlackElo "1099"]
[PlyCount "46"]
[EventDate "2008.05.29"]
[SourceDate "2008.05.31"]

1. e4 e5 2. Nc3 Bc5 3. Be2 Nf6 4. Nf3 Nc6 5. d3 O-O 6. O-O d6 7. Be3 Be6 8. Qd2
Nd7 9. Bxc5 Nxc5 10. Nd5 Bxd5 11. exd5 Nd4 12. Nxd4 exd4 13. c3 dxc3 14. bxc3
Qh4 15. d4 Ne4 16. Qe3 Rae8 17. f3 Nxc3 18. Qxc3 Rxe2 19. Qd3 Rfe8 20. Qc3 Qg5
21. g4 Qh4 22. Rf2 Qxf2+ 23. Kh1 Qxh2# 0-1

[Event "Open"]
[Site "Louviers"]
[Date "2008.05.12"]
[Round "9"]
[White "Le Bourhis, Dominique"]
[Black "Ernouf, Anthony"]
[Result "1/2-1/2"]
[WhiteElo "2104"]
[BlackElo "1903"]
[PlyCount "43"]
[EventDate "2008.05.29"]
[SourceDate "2008.05.31"]

1. Nf3 Nf6 2. c4 g6 3. Nc3 Bg7 4. e4 d6 5. d4 O-O 6. Be2 e5 7. dxe5 dxe5 8.
Qxd8 Rxd8 9. Bg5 Re8 10. O-O-O Bg4 11. Nd2 Bxe2 12. Nxe2 Ng4 13. Bh4 g5 14. h3
Ne3 15. fxe3 gxh4 16. Nf3 Bh6 17. Nxh4 Bxe3+ 18. Kb1 c5 19. Nc3 Na6 20. Nd5 Bg5
21. Nf5 Re6 22. Rhf1 1/2-1/2

[Event "Open"]
[Site "Louviers"]
[Date "2008.05.12"]
[Round "9"]
[White "Mezier, Pascal"]
[Black "Varigault, Nicole"]
[Result "1-0"]
[WhiteElo "1220"]
[BlackElo "1200"]
[PlyCount "57"]
[EventDate "2008.05.29"]
[SourceDate "2008.05.31"]

1. e4 e5 2. Nf3 d6 3. d4 exd4 4. Nxd4 Nf6 5. Nc3 Be7 6. Bd3 O-O 7. O-O c5 8.
Nf3 Bg4 9. h3 Bxf3 10. Qxf3 Nc6 11. Be3 Ne5 12. Qe2 Nxd3 13. cxd3 h6 14. f4 Rb8
15. d4 b5 16. Rad1 Qd7 17. e5 Ne8 18. d5 f6 19. e6 Qc8 20. f5 Qb7 21. Qg4 g5
22. Qh5 Kh7 23. Qg6+ Kh8 24. Qxh6+ Kg8 25. h4 Ng7 26. Qg6 Bd8 27. h5 Qe7 28. h6
Qe8 29. Qxg7# 1-0

[Event "Open"]
[Site "Louviers"]
[Date "2008.05.12"]
[Round "9"]
[White "Bonte, Gerard"]
[Black "Saint-Gilles, Damien"]
[Result "1/2-1/2"]
[WhiteElo "1640"]
[BlackElo "1620"]
[PlyCount "54"]
[EventDate "2008.05.29"]
[SourceDate "2008.05.31"]

1. c4 e5 2. d3 f5 3. Nf3 Nc6 4. g3 Nf6 5. Nc3 d6 6. Bg2 Be6 7. Ng5 Qd7 8. Nxe6
Qxe6 9. Nd5 Qd7 10. a3 Nxd5 11. Bxd5 Rb8 12. b4 Ne7 13. Bg2 Ng6 14. O-O Qf7 15.
b5 Be7 16. Bd5 Qf6 17. Bg2 O-O 18. h4 f4 19. h5 Nh8 20. Bd5+ Nf7 21. Rb1 Kh8
22. Kg2 Nh6 23. Bf3 Nf5 24. Rh1 Qg5 25. Rh3 Rf6 26. Qh1 b6 27. Bb2 Rff8 1/2-1/2